[Event "European Online Club-ch-A 2021"]
[Site "Online"]
[Date "2021.03.27"]
[Round "1.1"]
[White "Rapport, Richard"]
[Black "Horvath, Laszlo"]
[Result "1-0"]
[WhiteElo "2763"]
[BlackElo "2183"]
[Annotator "TA"]
[PlyCount "59"]
[EventDate "2021.03.27"]
[EventType "team-tourn"]
[EventCountry "NET"]
[SourceTitle "playchess.com"]
[Source "ChessBase"]
[SourceQuality "1"]

{[%evp 14,58,48,48,40,18,10,12,15,0,0,-41,-41,-41,-37,-40,-32,-43,-35,-19,320,110,360,216,275,113,548,282,458,429,720,752,1733,1712,1635,1433,6598,5229,1908,1893,29993,29994,29994,29995,29997,29998,29999]} 1. c4 Nf6 2. Nc3 g6 3. e4 d6 4. d4 Bg7 5. Nge2 O-O 6. Ng3 c6 7. Be2 e5 {has lost popularity (7...a6).} 8. d5 cxd5 {E70: King's Indian: Miscellaneous lines with 4 e4, including 5 Nge2 and 5 Bd3 0-0 6 Nge2.} 9. exd5 Ne8 10. h4 h6 {The position is equal.} 11. Be3 f5 {[#] And now ...f4 would win.} 12. f4 Nd7 13. Qd2 {[#]} h5 $146 ({Predecessor:} 13... exf4 14. Bxf4 Kh7 15. Bd3 Ne5 16. O-O-O Kg8 17. Be2 Kh7 18. Bd3 Nxd3+ 19. Qxd3 Bd7 {0-1 (25) Oddone,C (2268)-Roselli Mailhe,B (2433) Montevideo 2018}) 14. O-O-O e4 15. Kb1 Bf6 16. Rh3 Bxh4 $2 {[%mdl 8192]} (16... Rf7 $11 {and Black is okay.}) 17. Rdh1 $2 (17. Nxh5 $18 {Threatens to win with g4.} gxh5 18. Bxh5) 17... Bf6 $2 (17... Bxg3 $16 {was called for.} 18. Rxg3 Kf7) 18. Bxh5 gxh5 19. Nxf5 (19. Qe2 $18 {has better winning chances.} h4 20. Nxf5) 19... Ng7 {[%mdl 8192]} (19... Bg7 $16 20. Rxh5 Rxf5 21. Rxf5 Nb6) 20. g4 Nb6 $2 (20... Nxf5 21. gxf5 Bxc3 22. bxc3 Kf7) 21. Nh6+ $18 Kh7 (21... Kh8 $142 22. Bxb6 Qxb6) 22. Nxe4 Kxh6 23. f5+ Kh7 24. Bd4 Nxc4 25. Rxh5+ Kg8 {[#]} 26. Qh6 $1 {[%cal Rh6g6] Threatening mate with Qg6!} Bxd4 27. Qg6 {[%csl Gh1][%cal Rh5h8] White mates.} Na3+ 28. Kc1 {[%csl Gh1][%cal Rh5h8]} Bxb2+ 29. Kd1 {[%csl Gh1][%cal Rh5h8]} Bxf5 30. Rh8# {Weighted Error Value: White=0.42/Black=1.16} 1-0

[Event "European Online Club-ch-A 2021"]
[Site "Online"]
[Date "2021.03.27"]
[Round "1.2"]
[White "Krieger, Markus"]
[Black "Bacrot, Etienne"]
[Result "1/2-1/2"]
[WhiteElo "2050"]
[BlackElo "2678"]
[Annotator "TA"]
[PlyCount "131"]
[EventDate "2021.03.27"]
[EventType "team-tourn"]
[EventCountry "NET"]
[SourceTitle "playchess.com"]
[Source "ChessBase"]
[SourceQuality "1"]

{[%evp 19,131,47,68,71,66,58,67,64,75,72,64,31,41,37,69,63,84,84,92,89,112,112,142,131,154,92,86,83,110,108,109,110,110,107,145,96,105,84,189,179,195,170,187,178,177,170,161,133,136,135,126,132,131,125,118,121,122,126,131,128,119,117,172,151,175,128,128,115,100,96,161,160,178,172,195,225,171,32,32,32,33,16,14,0,0,0,0,0,0,0,0,0,0,0,0,0,0,0,15,0,0,0,0,0,0,0,11,0,107,138,181,0,8,19]} 1. e4 c5 2. Nc3 Nc6 3. Bb5 g6 4. Bxc6 bxc6 5. d3 Bg7 6. f4 d6 7. Nf3 Nh6 8. O-O O-O 9. Qe1 f5 10. e5 Rb8 11. b3 {B23: Closed Sicilian: Lines without g3.} Nf7 12. Bb2 dxe5 13. Nxe5 {White is slightly better.} Nxe5 14. fxe5 Qd4+ 15. Kh1 Qxe5 ({Avoid the trap} 15... Bxe5 $2 16. Nd1 $18) 16. Na4 Qxe1 17. Raxe1 Bxb2 18. Nxb2 {[#]} Kf7 $146 ({Predecessor:} 18... Re8 19. Re5 Bb7 20. Rfe1 Kf7 21. Rxc5 Rbd8 22. Ra5 a6 23. Rae5 Rd5 24. Na4 Rxe5 25. Rxe5 {½-½ (61) Gorovets,A (2384)-Gorbatenko,K (2085) Chervonograd 2008}) 19. Re5 Bd7 20. Na4 Rfe8 21. Nxc5 Rbd8 22. Rfe1 (22. Rf4 $142) 22... Bc8 $16 23. Kg1 Rd6 24. c3 Rd5 25. d4 Rxe5 26. Rxe5 {[%mdl 4096] Endgame KRB-KRN} Kf6 27. Kf2 Rd8 28. Nd3 Rd7 (28... Rd5 $16) 29. Rc5 $18 Bb7 30. Ne5 Rd6 31. Ra5 a6 32. Nd3 Bc8 33. Nc5 Rd5 34. Ra4 e5 35. Nxa6 exd4 36. cxd4 Bxa6 37. Rxa6 Rxd4 38. Rxc6+ $16 {KR-KR} Ke5 39. Rc5+ Kd6 40. Rc2 Kd5 (40... g5 $16 41. Ke3 Rb4) 41. Ke2 $18 Re4+ 42. Kf3 Re1 43. Rc7 Rf1+ 44. Ke2 Rb1 (44... Ra1 $16 {might work better.}) 45. Rxh7 Rb2+ 46. Kf3 Rxa2 47. Rg7 Ra6 {[#]} 48. h4 (48. Kf4 $1 $18) 48... Ke5 49. Rb7 Rd6 50. Rb5+ Kf6 51. b4 Rd3+ 52. Ke2 Rg3 53. Kf2 (53. Kf1 {keeps more tension.} Rg4 54. Rb6+ Kg7 55. h5 gxh5 56. Kf2) 53... Rg4 54. g3 Rc4 55. Rb6+ Kg7 56. b5 {[%cal Bb4b5,Bb5b6,Bb6b7][%mdl 32]} Rc3 57. Rb8 Rb3 58. b6 Kh7 59. b7 {[#] And now Ke2 would win.} Kg7 60. Ke2 {Strongly threatening Kd2.} Rb2+ 61. Kd3 {Threatens to win with Kc4.} Rb3+ 62. Kd4 Rb1 63. Ke5 {h5 is the strong threat.} Rb5+ (63... Re1+ $1 $11 64. Kd6 Rd1+ 65. Ke6 Re1+ 66. Kd5 Rd1+ 67. Ke6 Re1+ 68. Kd7 Rd1+ 69. Kc6 Rc1+ 70. Kb6 Rb1+ 71. Kc6 Rc1+ 72. Kd6 Rb1) 64. Ke6 {aiming for Kd7.} Rb6+ 65. Ke7 $2 ({White should play} 65. Kd5 $18) 65... Rb1 $1 $11 66. Kd7 {Weighted Error Value: White=0.18/Black=0.11} 1/2-1/2

[Event "European Online Club-ch-A 2021"]
[Site "Online"]
[Date "2021.03.27"]
[Round "1.3"]
[White "Shirov, Alexei"]
[Black "Ferster, Fabian"]
[Result "1-0"]
[WhiteElo "2662"]
[BlackElo "2149"]
[Annotator "TA"]
[PlyCount "59"]
[EventDate "2021.03.27"]
[EventType "team-tourn"]
[EventCountry "NET"]
[SourceTitle "playchess.com"]
[Source "ChessBase"]
[SourceQuality "1"]

{[%evp 12,59,25,24,18,-14,20,-2,42,18,21,24,78,84,150,164,253,216,198,162,169,163,204,164,235,229,234,233,316,312,318,333,308,314,314,305,455,459,416,439,525,524,562,545,523,314,317,307,281,241]} 1. d4 Nf6 2. c4 g6 3. Nc3 d5 4. cxd5 Nxd5 5. Bd2 Bg7 6. e4 Nxc3 7. Bxc3 c5 {[%cal Rc5d4] D85: Exchange Grünfeld: Unusual White 7th moves and lines with 7 Nf3.} 8. Ne2 $5 {[%mdl 4] Leaves trodden paths.} O-O 9. d5 b5 {The position is equal.} 10. Bxg7 Kxg7 {[#]} 11. Qd2 $146 ({Predecessor:} 11. a4 b4 12. Rc1 Qd6 13. Qd2 Nd7 14. Ng3 Bb7 15. Bb5 Rfd8 16. O-O e6 17. Bxd7 Rxd7 {1-0 (39) Delaunay,S (2342)-Bouget,A (2165) France 2010}) 11... Qd6 (11... e6 $11 {remains equal.}) 12. Ng3 $16 {Black is now going downhill.} f5 ({Black should try} 12... b4) 13. Bxb5 fxe4 (13... Nd7 $142 14. exf5 Rb8) 14. Nxe4 Qe5 15. Qc3 Qxc3+ 16. Nxc3 Nd7 17. O-O Nf6 (17... a6 $142) 18. Rfe1 $18 Rf7 19. Bc4 Bb7 20. d6 {[%mdl 64] [#] Discovered Attack} exd6 21. Bxf7 Kxf7 22. Nb5 Rd8 23. Nxa7 d5 (23... Nd5 {was called for.} 24. a4 Nf4) 24. Rac1 c4 25. b3 {[%cal Bb2b3,Bb3c4,Bc4c5,Bc5c6][%mdl 32]} Ne4 26. bxc4 d4 27. c5 {aiming for c6.} d3 {With the idea ...d2.} 28. c6 d2 29. cxb7 {And now Nc8 would win.} Nc5 {[#]} 30. Nc6 $1 {Weighted Error Value: White=0.17/Black=0.37} 1-0

[Event "European Online Club-ch-A 2021"]
[Site "Online"]
[Date "2021.03.27"]
[Round "1.4"]
[White "Frick, Renato"]
[Black "Naiditsch, Arkadij"]
[Result "0-1"]
[WhiteElo "1947"]
[BlackElo "2649"]
[Annotator "TA"]
[PlyCount "98"]
[EventDate "2021.03.27"]
[EventType "team-tourn"]
[EventCountry "NET"]
[SourceTitle "playchess.com"]
[Source "ChessBase"]
[SourceQuality "1"]

{[%evp 14,98,18,12,6,-30,3,0,9,15,14,6,19,10,33,44,29,29,35,0,43,30,62,39,61,58,58,47,52,49,49,16,52,52,48,44,44,48,87,49,60,50,54,46,52,51,51,50,51,28,52,0,45,51,70,44,56,22,44,44,44,0,9,8,54,49,71,0,0,-28,-16,-28,-29,-84,-38,-54,-54,-35,0,0,3,0,0,-215,-208,-779,-768]} 1. e4 c5 2. Nf3 Nc6 3. Nc3 g6 4. d4 cxd4 5. Nxd4 Bg7 6. Be3 Nf6 7. Be2 d6 8. h3 O-O {B72: Sicilian Dragon: 6 Be3, lines with h3+Bc4 and sidelines.} 9. a4 Bd7 10. O-O Rc8 {The position is equal.} 11. Qd2 a6 12. Rfd1 Na5 13. f3 Nc4 14. Bxc4 Rxc4 15. b3 Rc8 16. Nd5 {[#]} Re8 $146 ({Predecessor:} 16... e6 17. Nxf6+ Bxf6 18. c4 e5 19. Ne2 Rc6 20. Nc3 Be6 21. Nd5 Bg7 22. Rab1 Kh8 {1-0 (51) Hannweber,M (1856)-Handl,J (1881) Postbauer 2007}) 17. c4 Bc6 18. Rac1 Nd7 19. Nc3 Nc5 {[#] Strongly threatening ...Bxd4.} 20. Qc2 Bd7 21. Nde2 a5 22. Nb5 b6 23. Nf4 Rb8 24. Rd2 Qc8 25. Nd5 {Nbc7 is the strong threat.} Bc6 26. Bg5 Bxd5 27. Rxd5 Na6 28. Bd2 Rd8 29. Rd1 Rb7 30. Be1 Rbd7 31. Qe2 Nc5 32. Qc2 (32. Qe3 $14) 32... Bf6 33. Bf2 Qb8 34. Bg3 h5 35. h4 Kg7 36. Bf2 Na6 37. Be1 e6 38. R5d3 Qc8 39. Bc3 ({Not} 39. Nxd6 $2 {[#]} Rxd6 $1 {[%mdl 512]} 40. Bc3 (40. Rxd6 $2 {too greedy.} Rxd6 41. Bg3 Rxd1+ 42. Qxd1 Qc5+ 43. Kh2 Bd4 $19) 40... Qc5+ 41. Kh2 Rxd3 $19) 39... Qc5+ 40. Qf2 (40. Kh2 $16) 40... Bxc3 41. Qxc5 (41. Nxc3 {is more complex.} Qxf2+ 42. Kxf2 Nc5 43. R3d2 Nxb3 44. Rb2) 41... Nxc5 42. Rxc3 f5 43. Nd4 (43. exf5 $11 gxf5 44. g3) 43... Kf6 44. Re3 f4 45. Rc3 Rc8 46. Ne2 g5 47. hxg5+ Kxg5 48. e5 $2 (48. Kh2 $11) 48... Rcd8 $19 ({Resist} 48... dxe5 49. Rxd7 Nxd7 50. Rd3 $17) 49. Nd4 $2 (49. exd6 Rxd6 50. Rxd6 Rxd6 51. Rc2) 49... dxe5 {Weighted Error Value: White=0.39/Black=0.13} 0-1

[Event "European Online Club-ch-A 2021"]
[Site "Online"]
[Date "2021.03.27"]
[Round "1.5"]
[White "Artemiev, Vladislav"]
[Black "Hrbek, Stepan"]
[Result "1-0"]
[WhiteElo "2709"]
[BlackElo "2230"]
[Annotator "TA"]
[PlyCount "61"]
[EventDate "2021.03.27"]
[EventType "team-tourn"]
[EventCountry "NET"]
[SourceTitle "playchess.com"]
[Source "ChessBase"]
[SourceQuality "1"]

{[%evp 9,61,8,9,10,10,2,4,5,0,3,14,12,12,12,38,37,35,19,70,70,94,100,91,92,88,80,108,104,152,116,111,112,191,142,298,290,319,323,326,327,329,326,302,318,304,312,300,318,351,350,342,299,341,342]} 1. d4 d5 2. Nf3 Nf6 3. Bf4 e6 4. e3 Bd6 5. Nbd2 O-O 6. Bd3 {D02: 1 d4 d5 2 Nf3 sidelines, including 2...Nf6 3 g3 and 2...Nf6 3 Bf4.} b6 7. Ne5 Ba6 {7...c5 is a critical line.} 8. Bxa6 {The position is equal.} Nxa6 9. Bg5 Nb8 10. O-O Be7 11. c4 Nfd7 12. Bxe7 Qxe7 {[#]} 13. Nd3 $146 ({Predecessor:} 13. Nef3 c5 14. dxc5 bxc5 15. Qb3 Nf6 16. Rac1 Nbd7 17. Rfd1 a5 18. Qc3 Rfc8 19. h3 a4 20. Ne5 {½-½ (36) Pastircak,M (2365)-Votava,J (2511) Czechia 1999}) 13... dxc4 (13... c5 $11) 14. Nxc4 $14 Nc6 {[%cal Bb8c6,Bc6d8,Bd8b7,Bb7d6,Bd6b5,Bb5c3,Bc3e2][%mdl 32]} 15. Qa4 Nd8 16. b4 Nb7 17. Qc6 Nd6 18. Qxc7 Nb5 19. Qc6 Nc3 20. Nd6 $36 {[%mdl 2048] Black is under strong pressure.} Ne2+ 21. Kh1 Rad8 $2 {[#] This costs Black the game.} (21... Nc3 $16 {was worth a try.} 22. Rac1 Nd5) 22. Qc7 $1 $18 Nc3 {White must now prevent ...Nd5.} 23. e4 f5 {[#]} 24. Ne5 $1 {[%cal Re5c6] And now Nc6 would win.} ({Less strong is} 24. Qxc3 Qxd6 25. e5 Qe7 $16) 24... Nxe4 25. Nxe4 fxe4 26. Nc6 {[%mdl 64] Double Attack} ({Weaker is} 26. Qxa7 Qd6 $14) 26... Qe8 {If only Black now had time for ...Ra8....} 27. Nxd8 Qxd8 28. Qc6 Qe7 29. Qxe4 Nf6 30. Qe2 Nd5 31. a3 {Weighted Error Value: White=0.04/Black=0.24} 1-0

[Event "European Online Club-ch-A 2021"]
[Site "Online"]
[Date "2021.03.27"]
[Round "1.6"]
[White "Nemec, Jachym"]
[Black "Kamsky, Gata"]
[Result "0-1"]
[WhiteElo "2229"]
[BlackElo "2665"]
[Annotator "TA"]
[PlyCount "76"]
[EventDate "2021.03.27"]
[EventType "team-tourn"]
[EventCountry "NET"]
[SourceTitle "playchess.com"]
[Source "ChessBase"]
[SourceQuality "1"]

{[%evp 9,76,28,51,20,28,1,-2,8,14,0,16,0,0,-21,-14,-14,-17,-12,0,-12,8,-16,-6,-18,-8,-7,-4,-88,-89,-86,-37,-41,-44,-69,-61,-68,-60,-45,-55,-68,-66,-64,-70,-78,-63,-73,-74,-75,-68,-81,-73,-96,-76,-85,-96,-100,-100,-137,-130,-379,-413,-396,-393,-454,-450,-757,-390,-572,-573]} 1. d4 d5 2. c4 c6 3. Nc3 Nf6 4. Nf3 a6 5. e3 g6 6. a3 {D15: Slav Defence: 4 Nc3 a6 and gambit lines after 4 Nc3 dxc4.} Bg7 {[#]} 7. Bd2 $146 ({Predecessor:} 7. cxd5 cxd5 8. Bd3 Nc6 9. b4 O-O 10. O-O Bg4 11. Be2 Ne4 12. Nxe4 dxe4 13. Ne1 Bxe2 14. Qxe2 {1-0 (42) Landenberger,A-Schmidt,J Binz 1995}) 7... O-O 8. Rc1 {The position is equal.} Ne4 9. cxd5 Nxd2 10. Nxd2 cxd5 11. Qb3 e6 12. g3 Nc6 13. Bg2 Qd6 14. O-O Bd7 15. Qa2 ({Don't blunder} 15. Qxb7 $2 Rfb8 $19) 15... Rfc8 16. Nb3 b6 17. Rfd1 Ne7 18. e4 (18. Bf1 $11) 18... dxe4 $17 19. Nxe4 Rxc1 20. Nxc1 Qb8 21. Nd3 Ra7 ({Don't go for} 21... Bxd4 $2 22. Ne1 $18) 22. Nf4 h6 23. Nc3 Nf5 24. d5 {[%cal Rd5e6]} e5 {[%cal Re5f4]} 25. Nfe2 Nd6 26. h4 h5 27. Ne4 Nxe4 28. Bxe4 Qd6 29. Bg2 Rc7 30. Qb3 Kh7 31. Nc3 {[#] Hoping for Ne4.} f5 32. Bf1 b5 33. Na2 e4 34. Rd2 $2 {Now White is beyond hope.} (34. Nc3 $17) 34... f4 $19 35. Qb4 Qe5 36. d6 Rc8 37. Nc3 (37. Qb3 $142) 37... fxg3 38. Nxe4 (38. Qxe4 {was forced.} gxf2+ 39. Rxf2 Qxd6 40. Qf4) 38... a5 {Weighted Error Value: White=0.44/Black=0.17} 0-1

[Event "European Online Club-ch-A 2021"]
[Site "Online"]
[Date "2021.03.27"]
[Round "1.7"]
[White "Timofeev, Artyom"]
[Black "Pribyl, Viktor"]
[Result "1-0"]
[WhiteElo "2594"]
[BlackElo "2208"]
[Annotator "ChessBase"]
[PlyCount "45"]
[EventDate "2021.03.27"]
[EventType "team-tourn"]
[EventCountry "NET"]
[SourceTitle "playchess.com"]
[Source "ChessBase"]
[SourceQuality "1"]
[TimeControl "900+5"]

1. d4 {[%emt 0:00:00]} Nf6 {[%emt 0:00:04]} 2. c4 {[%emt 0:00:03]} g6 {[%emt 0:00:06]} 3. Nc3 {[%emt 0:00:09]} d5 {[%emt 0:00:03]} 4. Bf4 {[%emt 0:00:06]} Bg7 {[%emt 0:00:59]} 5. e3 {[%emt 0:00:06]} O-O {[%emt 0:00:06]} 6. Rc1 {[%emt 0:00:05]} dxc4 {[%emt 0:00:32]} 7. Bxc4 {[%emt 0:00:07]} c5 {[%emt 0:00:28]} 8. dxc5 {[%emt 0:00:30]} Qa5 {[%emt 0:02:07]} 9. Nge2 {[%emt 0:00:10]} Qxc5 {[%emt 0:01:05]} 10. Qb3 {[%emt 0:00:05]} Qb6 {[%emt 0:02:28]} 11. Qxb6 {[%emt 0:01:08]} axb6 {[%emt 0:00:03]} 12. O-O {[%emt 0:00:17]} Na6 {[%emt 0:01:40]} 13. Rfd1 {[%emt 0:00:31]} Nh5 {[%emt 0:02:19]} 14. Bg5 {[%emt 0:00:11]} Bf6 {[%emt 0:00:02]} 15. Bh6 {[%emt 0:00:34]} Bg7 {[%emt 0:00:14]} 16. Bxg7 {[%emt 0:00:04]} Nxg7 {[%emt 0:00:02]} 17. Nd5 {[%emt 0:00:03]} e5 {[%emt 0:00:44]} 18. Nxb6 {[%emt 0:00:18]} Rb8 {[%emt 0:00:01]} 19. Nc3 {[%emt 0:00:14]} Nf5 {[%emt 0:01:42]} 20. Nb5 {[%emt 0:00:45]} Kg7 {[%emt 0:00:42]} 21. Na7 {[%emt 0:00:05]} Ne7 {[%emt 0:00:10]} 22. Naxc8 {[%emt 0:00:04]} Nxc8 {[%emt 0:00:05]} 23. Nd7 {[%emt 0:00:02]} 1-0

[Event "European Online Club-ch-A 2021"]
[Site "Online"]
[Date "2021.03.27"]
[Round "1.8"]
[White "Brozka, Karel"]
[Black "Sharafiev, Azat"]
[Result "0-1"]
[WhiteElo "2080"]
[BlackElo "2432"]
[Annotator "NA"]
[PlyCount "76"]
[EventDate "2021.03.27"]
[EventType "team-tourn"]
[EventCountry "NET"]
[SourceTitle "playchess.com"]
[Source "ChessBase"]
[SourceQuality "1"]
[TimeControl "900+5"]

1. d4 {[%emt 0:00:00]} Nf6 {[%emt 0:00:24]} 2. c4 {[%emt 0:00:15]} g6 {[%emt 0:00:09]} 3. Nc3 {[%emt 0:00:08]} Bg7 {[%emt 0:00:02]} 4. Nf3 {[%emt 0:00:06]} O-O {[%emt 0:00:07]} 5. e4 {[%emt 0:00:04]} d6 {[%emt 0:00:15]} 6. Be2 {[%emt 0:00:15]} e5 {[%emt 0:00:08]} 7. dxe5 {[%emt 0:00:05]} dxe5 {[%emt 0:00:02]} 8. Qxd8 {[%emt 0:00:01]} Rxd8 {[%emt 0:00:04]} 9. Bg5 {[%emt 0:00:15]} c6 {[%emt 0:03:22]} 10. O-O {[%emt 0:03:38]} Bg4 {[%emt 0:01:12]} 11. Rfd1 {[%emt 0:00:53]} Nbd7 {[%emt 0:00:16]} 12. b4 {[%emt 0:00:50]} Nf8 {[%emt 0:01:22]} 13. Be3 {[%emt 0:00:58]} Rxd1+ {[%emt 0:01:29]} 14. Rxd1 {[%emt 0:00:11]} Ne6 {[%emt 0:00:17]} 15. c5 {[%emt 0:01:13]} a5 {[%emt 0:00:24]} 16. b5 {[%emt 0:01:59]} Bxf3 {[%emt 0:01:11]} 17. gxf3 {[%emt 0:00:58]} Nd4 {[%emt 0:02:59]} 18. Bxd4 {[%emt 0:01:15]} exd4 {[%emt 0:00:02]} 19. Rxd4 {[%emt 0:00:59]} Nh5 {[%emt 0:00:54]} 20. Rc4 {[%emt 0:00:18]} Nf4 {[%emt 0:00:02]} 21. Kf1 {[%emt 0:00:12]} Bxc3 {[%emt 0:00:23]} 22. Rxc3 {[%emt 0:00:07]} Nxe2 {[%emt 0:00:02]} 23. Kxe2 {[%emt 0:00:01]} cxb5 {[%emt 0:00:01]} 24. Rb3 {[%emt 0:00:56]} b4 {[%emt 0:00:07]} 25. Kd3 {[%emt 0:00:47]} Rd8+ {[%emt 0:00:03]} 26. Kc4 {[%emt 0:00:04]} Rd2 {[%emt 0:00:02]} 27. Kb5 {[%emt 0:00:02]} Rxa2 {[%emt 0:00:04]} 28. Kb6 {[%emt 0:00:02]} Rc2 {[%emt 0:01:14]} 29. Kb5 {[%emt 0:00:38]} Kg7 {[%emt 0:00:26]} 30. f4 {[%emt 0:00:04]} Kf6 {[%emt 0:00:02]} 31. Kb6 {[%emt 0:00:04]} Rc3 {[%emt 0:00:14]} 32. Rb1 {[%emt 0:00:04]} b3 {[%emt 0:00:02]} 33. Kxb7 {[%emt 0:00:06]} a4 {[%emt 0:00:06]} 34. c6 {[%emt 0:00:09]} a3 {[%emt 0:00:01]} 35. e5+ {[%emt 0:00:11]} Kg7 {[%emt 0:00:02]} 36. c7 {[%emt 0:00:04]} a2 {[%emt 0:00:05]} 37. Ra1 {[%emt 0:00:06]} b2 {[%emt 0:00:03]} 38. Rxa2 {[%emt 0:00:04]} b1=Q+ {[%emt 0:00:02]} 0-1

[Event "European Online Club-ch-A 2021"]
[Site "Online"]
[Date "2021.03.27"]
[Round "1.9"]
[White "Deac, Bogdan-Daniel"]
[Black "Celik, Hasan Huseyin"]
[Result "1-0"]
[WhiteElo "2625"]
[BlackElo "2173"]
[Annotator "ChessBase"]
[PlyCount "129"]
[EventDate "2021.03.27"]
[EventType "team-tourn"]
[EventCountry "NET"]
[SourceTitle "playchess.com"]
[Source "ChessBase"]
[SourceQuality "1"]
[TimeControl "900+5"]

1. Nf3 {[%emt 0:00:00]} d5 {[%emt 0:00:03]} 2. e3 {[%emt 0:00:05]} Nf6 {[%emt 0:00:08]} 3. c4 {[%emt 0:00:03]} c6 {[%emt 0:00:18]} 4. Nc3 {[%emt 0:00:03]} e6 {[%emt 0:00:09]} 5. b3 {[%emt 0:00:05]} Bd6 {[%emt 0:00:03]} 6. Bb2 {[%emt 0:00:02]} O-O {[%emt 0:00:11]} 7. d4 {[%emt 0:00:03]} Nbd7 {[%emt 0:00:09]} 8. Be2 {[%emt 0:00:13]} Qe7 {[%emt 0:01:08]} 9. O-O {[%emt 0:00:10]} b6 {[%emt 0:00:14]} 10. Qc2 {[%emt 0:00:17]} Bb7 {[%emt 0:00:05]} 11. Rad1 {[%emt 0:00:03]} Rac8 {[%emt 0:00:05]} 12. Rfe1 {[%emt 0:03:47]} e5 {[%emt 0:00:35]} 13. dxe5 {[%emt 0:04:54]} Nxe5 {[%emt 0:00:04]} 14. Nd4 {[%emt 0:00:01]} Bb8 {[%emt 0:00:59]} 15. Nf5 {[%emt 0:01:27]} Qe6 {[%emt 0:00:32]} 16. f4 {[%emt 0:00:03]} Ng6 {[%emt 0:01:08]} 17. Bf3 {[%emt 0:00:08]} Rfe8 {[%emt 0:00:07]} 18. Qd3 {[%emt 0:00:50]} dxc4 {[%emt 0:00:56]} 19. bxc4 {[%emt 0:00:04]} Ba6 {[%emt 0:00:02]} 20. Nxg7 {[%emt 0:00:15]} Kxg7 {[%emt 0:01:28]} 21. Ne4 {[%emt 0:00:03]} Ne5 {[%emt 0:00:48]} 22. fxe5 {[%emt 0:00:25]} Bxe5 {[%emt 0:00:02]} 23. Bxe5 {[%emt 0:00:24]} Qxe5 {[%emt 0:00:03]} 24. Nd6 {[%emt 0:00:01]} Red8 {[%emt 0:00:37]} 25. Qa3 {[%emt 0:00:14]} Rb8 {[%emt 0:00:53]} 26. Rd2 {[%emt 0:02:21]} Qe6 {[%emt 0:05:09]} 27. Red1 {[%emt 0:00:17]} Bxc4 {[%emt 0:00:02]} 28. Nxc4 {[%emt 0:00:02]} Rxd2 {[%emt 0:00:10]} 29. Nxd2 {[%emt 0:00:02]} Rd8 {[%emt 0:00:01]} 30. Nf1 {[%emt 0:00:14]} Rxd1 {[%emt 0:00:06]} 31. Bxd1 {[%emt 0:00:01]} a5 {[%emt 0:00:03]} 32. Qc3 {[%emt 0:00:15]} Kg8 {[%emt 0:00:06]} 33. Bb3 {[%emt 0:00:06]} Qd6 {[%emt 0:00:04]} 34. Qd4 {[%emt 0:00:09]} Qxd4 {[%emt 0:00:31]} 35. exd4 {[%emt 0:00:02]} b5 {[%emt 0:00:03]} 36. Ne3 {[%emt 0:00:14]} Ne4 {[%emt 0:00:02]} 37. Nd1 {[%emt 0:00:24]} Kf8 {[%emt 0:00:24]} 38. Kf1 {[%emt 0:00:05]} Ke7 {[%emt 0:00:05]} 39. Ke2 {[%emt 0:00:05]} h6 {[%emt 0:00:08]} 40. Ke3 {[%emt 0:00:03]} Nd6 {[%emt 0:00:06]} 41. Nc3 {[%emt 0:00:04]} f5 {[%emt 0:00:04]} 42. Bc2 {[%emt 0:00:06]} Kf6 {[%emt 0:00:01]} 43. Bd3 {[%emt 0:00:02]} a4 {[%emt 0:00:05]} 44. Ne2 {[%emt 0:00:07]} b4 {[%emt 0:00:04]} 45. Bc2 {[%emt 0:00:09]} Nc4+ {[%emt 0:00:13]} 46. Kd3 {[%emt 0:00:03]} Nb2+ {[%emt 0:00:01]} 47. Kd2 {[%emt 0:00:02]} Kg5 {[%emt 0:00:03]} 48. Kc1 {[%emt 0:00:10]} a3 {[%emt 0:00:03]} 49. Ng3 {[%emt 0:00:03]} f4 {[%emt 0:00:20]} 50. Ne4+ {[%emt 0:00:02]} Kg4 {[%emt 0:00:03]} 51. Nc5 {[%emt 0:00:11]} Nc4 {[%emt 0:00:06]} 52. Bd1+ {[%emt 0:00:04]} Kf5 {[%emt 0:00:03]} 53. Bf3 {[%emt 0:00:04]} Na5 {[%emt 0:00:07]} 54. Kc2 {[%emt 0:00:04]} Kf6 {[%emt 0:00:05]} 55. Nd3 {[%emt 0:00:11]} b3+ {[%emt 0:00:01]} 56. axb3 {[%emt 0:00:03]} a2 {[%emt 0:00:01]} 57. Kb2 {[%emt 0:00:01]} Nxb3 {[%emt 0:00:01]} 58. Kxa2 {[%emt 0:00:01]} Nxd4 {[%emt 0:00:01]} 59. Nxf4 {[%emt 0:00:02]} Kf5 {[%emt 0:00:05]} 60. Ne2 {[%emt 0:00:02]} Nxe2 {[%emt 0:00:09]} 61. Bxe2 {[%emt 0:00:02]} Kf4 {[%emt 0:00:01]} 62. Kb3 {[%emt 0:00:04]} Ke3 {[%emt 0:00:01]} 63. Bf3 {[%emt 0:00:02]} Kf2 {[%emt 0:00:05]} 64. Bxc6 {[%emt 0:00:03]} h5 {[%emt 0:00:03]} 65. h3 {[%emt 0:00:02]} 1-0